ARRUPE JESUIT UNIVERSITY

CORONAVIRUS -STOP THE SPREAD - CLEAN,DISINFECT,COVER

A pilgrim in a pilgrim church : (Record no. 118135)

MARC details
000 -LEADER
fixed length control field 02214cam a2200325 a 4500
001 - CONTROL NUMBER
control field 7315763
003 - CONTROL NUMBER IDENTIFIER
control field ARRUPE
005 - DATE AND TIME OF LATEST TRANSACTION
control field 20130927134250.0
008 - FIXED-LENGTH DATA ELEMENTS--GENERAL INFORMATION
fixed length control field 090323s2009 miuaf 001 0aeng
010 ## - LIBRARY OF CONGRESS CONTROL NUMBER
LC control number 2009012119
020 ## - INTERNATIONAL STANDARD BOOK NUMBER
International Standard Book Number 9780802863829 (cloth : alk. paper)
020 ## - INTERNATIONAL STANDARD BOOK NUMBER
International Standard Book Number 0802863825 (cloth : alk. paper)
024 ## - OTHER STANDARD IDENTIFIER
Standard number or code 99934453658
035 ## - SYSTEM CONTROL NUMBER
System control number (OCoLC)ocn262878981
035 ## - SYSTEM CONTROL NUMBER
System control number (NNC)7315763
040 ## - CATALOGING SOURCE
Original cataloging agency DLC
Transcribing agency DLC
Modifying agency BTCTA
-- YDXCP
-- C#P
-- BWX
-- GZD
-- B2A
-- OrLoB-B
043 ## - GEOGRAPHIC AREA CODE
Geographic area code n-us-wi
050 00 - LIBRARY OF CONGRESS CALL NUMBER
Classification number BX4705.W3815
Item number A3 2009
300 ## - PHYSICAL DESCRIPTION
Other physical details ill. ;
Dimensions 24 cm.
100 1# - MAIN ENTRY--PERSONAL NAME
Personal name Weakland, Rembert.
9 (RLIN) 1634
245 12 - TITLE STATEMENT
Title A pilgrim in a pilgrim church :
Remainder of title memoirs of a Catholic archbishop /
Statement of responsibility, etc Rembert G. Weakland.
260 ## - PUBLICATION, DISTRIBUTION, ETC. (IMPRINT)
Place of publication, distribution, etc Grand Rapids, Mich. :
Name of publisher, distributor, etc William B. Eerdmans Pub. Co.,
Date of publication, distribution, etc 2009.
300 ## - PHYSICAL DESCRIPTION
Extent xiii, 429 p., [16] p. of plates :
505 00 - FORMATTED CONTENTS NOTE
Title Prologue: Broken and Re-glued --
-- Milwaukee, Wisconsin (May 2002) --
Miscellaneous information 1.
Title Inheriting Coal Dust in the Veins --
-- Patton, Pennsylvania (1927-1940) --
Miscellaneous information 2.
Title Thirsting for Knowledge --
-- St. Vincent, Latrobe, Pennsylvania (1940-1948) --
Miscellaneous information 3.
Title Absorbing New Worlds --
-- Rome (1948-1951) --
Miscellaneous information 4.
Title Experiencing a Second Novitiate --
-- New York-Milan (1952-1957) --
Miscellaneous information 5.
Title Transitioning from Old Church to New --
-- St. Vincent (1957-1963) --
Miscellaneous information 6.
Title Testing Challenges of Leadership --
-- St. Vincent (1963-1967) --
Miscellaneous information 7.
Title Adjusting to the Eternal City --
-- Rome (1967-1973) --
Miscellaneous information 8.
Title Traveling the World Over --
-- (1967-1973) --
Miscellaneous information 9.
Title Applying the Wisdom Learned --
-- (1973-1976) --
Miscellaneous information 10.
Title Ministering in the Last Years of Pope Paul VI --
-- Rome(1973-1977) --
Miscellaneous information 11.
Title Learning to Be an Archbishop --
-- Milwaukee (1977-1983) --
Miscellaneous information 12.
Title Drafting "Economic Justice for All" --
-- (1981-1986) --
Miscellaneous information 13.
Title Sorting Out Positions --
-- Milwaukee-Rome (1983-1988) --
Miscellaneous information 14.
Title Balancing Conflicting Models of Church --
-- Milwaukee (1989-1996) --
Miscellaneous information 15.
Title Struggling toward the Finish Line --
-- Milwaukee (1996-2002) --
-- Epilogue: Final Reflections.
600 10 - SUBJECT ADDED ENTRY--PERSONAL NAME
Personal name Weakland, Rembert.
9 (RLIN) 1635
610 20 - SUBJECT ADDED ENTRY--CORPORATE NAME
Corporate name or jurisdiction name as entry element Catholic Church
General subdivision Clergy
Form subdivision Biography.
9 (RLIN) 1636
650 #0 - SUBJECT ADDED ENTRY--TOPICAL TERM
Topical term or geographic name as entry element Bishops
Geographic subdivision Wisconsin
-- Milwaukee
Form subdivision Biography.
9 (RLIN) 1637
900 ## - EQUIVALENCE OR CROSS-REFERENCE-PERSONAL NAME [LOCAL, CANADA]
Numeration TOC
942 ## - ADDED ENTRY ELEMENTS (KOHA)
Source of classification or shelving scheme Library of Congress Classification
Koha item type Monograph ( Printed materials)
948 1# - LOCAL PROCESSING INFORMATION (OCLC); SERIES PART DESIGNATOR (RLIN)
Series part designator, SPT (RLIN) 20090825
b (OCLC) c
c (OCLC) ks26
d (OCLC) MPS
Holdings
Withdrawn status Lost status Source of classification or shelving scheme Damaged status Not for loan Collection code Home library Current library Shelving location Date acquired Total Checkouts Full call number Barcode Date last seen Price effective from Koha item type
    Library of Congress Classification     Main Collection ARRUPE LIBRARY ARRUPE LIBRARY Main Collection 27/09/2013   BX4705.W3815 A3 2009 46411578 22/11/2017 27/09/2013 Monograph ( Printed materials)

 

Arrupe Library. PO Box MP320 Mt Pleasant, Harare, Zimbabwe
263 242 745411|librarian@aju.ac.zw